000 00370nam a2200157Ia 4500
008 200103s9999||||xx |||||||||||||| ||und||
020 _a0273011316,
040 _aIMU-MPC
082 _aColumn-43
100 _aStevens, Edward F.
245 0 _aShipping Practice
250 _a10th Ed
260 _bPitman Publishing, London
_c1978
300 _aviii, 166
942 _cBK
999 _c8872
_d8872